NEW INVESTIGATIONS IN OPHTHALMOLOGY (Record no. 33643)

MARC details
000 -LEADER
fixed length control field 00394nam a22001697a 4500
003 - CONTROL NUMBER IDENTIFIER
control field SGT
020 ## - INTERNATIONAL STANDARD BOOK NUMBER
International Standard Book Number 9789386150998
082 ## - DEWEY DECIMAL CLASSIFICATION NUMBER
Classification number 617.7
Item number N17D
100 ## - MAIN ENTRY--PERSONAL NAME
Personal name DADA, TANUJ
245 ## - TITLE STATEMENT
Title NEW INVESTIGATIONS IN OPHTHALMOLOGY
250 ## - EDITION STATEMENT
Edition statement 2ND
260 ## - PUBLICATION, DISTRIBUTION, ETC. (IMPRINT)
Place of publication, distribution, etc INDIA
Name of publisher, distributor, etc JAYPEE PUB
Year of Publication 2017
300 ## - PAGE DESCRIPTION
No. of Pages 339
650 ## - SUBJECT ADDED ENTRY--TOPICAL TERM
Topical term or geographic name as entry element OPHTHALMOLOGY
653 ## - KEYWORDS--INDEX TERM
Keyword term INVESTIGATIONS IN OPHTHALMOLOGY
942 ## - ADDED ENTRY ELEMENTS (KOHA)
Source of classification or shelving scheme Dewey Decimal Classification
Koha item type Books
Holdings
Withdrawn status Lost status Source of classification or shelving scheme Damaged status Not for loan Collection code Home library Current library Shelving location Date acquired Vendor Name Cost, normal purchase price SGTU Bill Number Total Checkouts Full call number Accession No. (Barcode) Date last seen Bill Date Koha item type
    Dewey Decimal Classification   Not For Loan MEDICAL SGT Medical Library SGT Medical Library Reference Book 29/11/2025 ABC DELHI 4195.00 SGTU 22053   617.7 N17D FM16078 28/01/2026 29/11/2025 Books
    Dewey Decimal Classification   Not For Loan MEDICAL SGT Medical Library SGT Medical Library Reference Book 29/11/2025 ABC DELHI 4195.00 SGTU 22053   617.7 N17D FM16079 28/01/2026 29/11/2025 Books